Städte mit den meisten Touristen - Statistiken

Allgemein
  • Dieses Quiz wurde 203 mal gespielt
  • Das Durchschnittsergebnis liegt bei 46 aus 75
Antwortstatistiken
Platz Stadt Land Anzahl % Korrekt
3. London Vereinigtes Königreich 19,23 Mio.
99%
8. New York Vereinigte Staaten 13,6 Mio.
99%
6. Paris Frankreich 17,56 Mio.
99%
41. Berlin Deutschland 5,96 Mio.
96%
16. Rom Italien 10,07 Mio.
96%
9. Istanbul Türkei 13,43 Mio.
94%
45. Moskau Russland 5,51 Mio.
94%
2. Bangkok Thailand 24,18 Mio.
91%
47. Madrid Spanien 5,44 Mio.
91%
7. Dubai Vereinigte Arabische Emirate 15,92 Mio.
90%
34. Los Angeles Vereinigte Staaten 6,59 Mio.
90%
56. München Deutschland 4,07 Mio.
90%
17. Tokio Japan 9,99 Mio.
90%
43. Athen Griechenland 5,73 Mio.
88%
37. Wien Österreich 6,41 Mio.
87%
25. Amsterdam Niederlande 8,35 Mio.
85%
33. Barcelona Spanien 6,71 Mio.
85%
63. Lissabon Portugal 3,54 Mio.
85%
35. Mailand Italien 6,48 Mio.
85%
58. Peking China 4 Mio.
85%
55. Sydney Australien 4,09 Mio.
84%
22. Prag Tschechien 8,95 Mio.
83%
42. Kairo Ägypten 5,75 Mio.
82%
46. Venedig Italien 5,5 Mio.
82%
74. Warschau Polen 2,85 Mio.
82%
50. Dublin Irland 5,21 Mio.
81%
60. Brüssel Belgien 3,94 Mio.
80%
71. Kopenhagen Dänemark 3,07 Mio.
80%
62. Budapest Ungarn 3,82 Mio.
78%
72. San Francisco Vereinigte Staaten 2,9 Mio.
77%
24. Seoul Südkorea 8,43 Mio.
77%
61. Jerusalem Israel 3,93 Mio.
76%
5. Singapur X 18,55 Mio.
76%
27. Miami Vereinigte Staaten 8,12 Mio.
75%
1. Hongkong X 29.26 Mio.
73%
30. Shanghai China 7,48 Mio.
72%
58. St. Petersburg Russland 4 Mio.
72%
53. Toronto Kanada 4,51 Mio.
72%
49. Riad Saudi-Arabien 5,27 Mio.
67%
54. Johannesburg Südafrika 4,12 Mio.
66%
29. Las Vegas Vereinigte Staaten 7,5 Mio.
66%
19. Taipeh Taiwan 9,6 Mio.
66%
14. Mumbai Indien 10,59 Mio.
65%
52. Hanoi Vietnam 4,69 Mio.
64%
9. Kuala Lumpur Malaysia 13,43 Mio.
64%
73. Melbourne Australien 2,89 Mio.
64%
11. Delhi Indien 12,65 Mio.
63%
69. Vancouver Kanada 3,21 Mio.
63%
51. Florenz Italien 5,06 Mio.
62%
57. Jakarta Indonesien 4,03 Mio.
62%
28. Osaka Japan 7,86 Mio.
57%
12. Antalya Türkei 12,44 Mio.
55%
20. Mekka Saudi-Arabien 9,57 Mio.
54%
75. Marrakesch Marokko 2,84 Mio.
46%
21. Guangzhou China 9 Mio.
35%
67. Kyoto Japan 3,29 Mio.
31%
23. Medina Saudi-Arabien 8,55 Mio.
28%
44. Orlando Vereinigte Staaten 5,55 Mio.
28%
15. Phuket Thailand 10,55 Mio.
28%
40. Cancún Mexiko 6,04 Miio.
26%
31. Ho-Chi-Minh-Stadt Vietnam 7,2 Mio.
26%
26. Agra Indien 8,14 Mio.
25%
4. Macau X 18,93 Mio.
22%
36. Chennai Indien 6,42 Mio.
20%
66. Heraklion Griechenland 3,37 Mio.
20%
13. Shenzhen China 12,2 Mio.
20%
18. Pattaya Thailand 9,61 Mio.
13%
32. Denpasar Indonesien 7,19 Mio.
10%
70. Chiang Mai Thailand 3,2 Mio.
9%
39. Jaipur Indien 6,38 Mio.
9%
64. Dammam Saudi-Arabien 3,5 Mio.
6%
48. Ha Long Vietnam 5,29 Mio.
6%
38. Johor Bahru Malaysia 6,4 Mio.
4%
65. Penang Island Malaysia 3,44 Mio.
0%
68. Zuhai China 3,26 Mio.
0%
Keine übereinstimmenden Quizze gefunden
Verteilung der Resultate
Anzahl Personen mit jedem Resultat
Perzentil nach korrekt beantworteten Fragen
Ihre Resultats-Entwicklung
Sie haben dieses Quiz noch nicht gespielt